| Поле | Название | Значение |
| |
Тип записи |
a |
| |
Библиографический уровень |
m |
| 001 |
Контрольный номер |
SKBR/49e6fb0c-628a-49c5-81f3-f8720947f682 |
| 005 |
Дата корректировки |
20260429100822.0 |
| 010 |
Индекс ISBN |
__ |
| a |
ISBN |
978-5-00101-245-0 |
| b |
Уточнения |
в пер. |
| 035 |
Другие системные номера |
__ |
| a |
Идентификатор записи |
RU\NLR\BIBL_A\012249808 |
| 100 |
Данные общей обработки |
__ |
| a |
Данные общей обработки |
20161017d2020 ke y0rusy028902 ca |
| 101 |
Язык документа |
1_ |
| a |
Язык текста |
rus |
| c |
Язык оригинала |
eng |
| 102 |
Страна публикации |
__ |
| a |
Страна публикации |
RU |
| 105 |
Кодированные данные (монография) |
__ |
| a |
Кодированные данные (монография) |
a j 001yy |
| 181 |
Поле кодированных данных: вид содержания |
_0 |
| a |
Код вида содержания (ISBD) |
i |
| 182 |
Поле кодированных данных: тип средства |
_0 |
| a |
Код типа средства (ISBD) |
n |
| 200 |
Заглавие и сведения об ответственности |
1_ |
| a |
Заглавие |
Основы биохимии Ленинджера |
| e |
Сведения, относящиеся к заглавию |
[учебник для студентов биологических, химических и медицинских вузов] |
| e |
Сведения, относящиеся к заглавию |
в 3 томах |
| f |
Первые сведения об ответственности |
Д. Нельсон, М. Кокс |
| g |
Последующие сведения об ответственности |
перевод с английского Т. П. Мосоловой [и др.] |
| g |
Последующие сведения об ответственности |
под редакцией А. А. Богданова и С. Н. Кочеткова |
| 203 |
Вид содержания и тип средства |
__ |
| a |
Вид содержания |
Текст |
| c |
Тип средства |
непосредственный |
| 205 |
Сведения об издании |
__ |
| a |
Основные сведения об издании |
4-е издание |
| 210 |
Выходные данные |
1_ |
| a |
Место издания |
Москва |
| c |
Издательство |
Лаборатория знаний |
| d |
Дата издания |
2020 |
| 215 |
Физическое описание |
__ |
| d |
Формат |
27 см |
| 225 |
Серия |
1_ |
| a |
Серия |
Лучший зарубежный учебник |
| 330 |
Аннотация |
__ |
| a |
Аннотация |
В учебном издании, написанном американскими учеными, которые получили признание как талантливые преподаватели университетского уровня, рассмотрены современные концепции биохимии в соответствии с изменившейся идеологией этой науки. В настоящее издание внесены исправления, уточняющие перевод. |
| 454 |
Оригинал |
_0 |
| 1 |
|
2001 |
| a |
|
Leninger principles of biochemistry |
| 1 |
|
700 1 |
| a |
|
Nelson |
| b |
|
D. L. |
| g |
|
David L. |
| 4 |
|
070 |
| 1 |
|
701 1 |
| a |
|
Cox |
| b |
|
M. M. |
| g |
|
Michael M. |
| 4 |
|
070 |
| 606 |
Тематические рубрики |
1_ |
| a |
Основная рубрика |
Общая биохимия |
| 2 |
Код системы |
nlr_sh |
| 606 |
Тематические рубрики |
__ |
| 2 |
Код системы |
nlr_sh |
| a |
Основная рубрика |
Биология |
| 610 |
Ключевые слова |
0_ |
| a |
Ключевые слова |
биохимия |
| 610 |
Ключевые слова |
0_ |
| a |
Ключевые слова |
аминокислоты |
| 610 |
Ключевые слова |
0_ |
| a |
Ключевые слова |
белки (химия) |
| 610 |
Ключевые слова |
0_ |
| a |
Ключевые слова |
пептиды |
| 610 |
Ключевые слова |
0_ |
| a |
Ключевые слова |
липиды |
| 610 |
Ключевые слова |
0_ |
| a |
Ключевые слова |
ДНК |
| 610 |
Ключевые слова |
0_ |
| a |
Ключевые слова |
метаболизм |
| 610 |
Ключевые слова |
0_ |
| a |
Ключевые слова |
биоэнергетика |
| 610 |
Ключевые слова |
0_ |
| a |
Ключевые слова |
гены |
| 610 |
Ключевые слова |
0_ |
| a |
Ключевые слова |
хромосомы |
| 686 |
Индексы других классификаций |
__ |
| a |
Классификационный индекс |
28.072я73 |
| 2 |
Код системы |
rubbks |
| 700 |
Автор |
_1 |
| a |
Фамилия |
Нельсон |
| b |
Имя |
Д. Л. |
| g |
Полное личное имя |
Дэвид Л. |
| 4 |
Код отношения |
070 |
| 701 |
Альтернативная интеллектуальная ответственность |
_1 |
| a |
Фамилия |
Кокс |
| b |
Имя |
М. М. |
| g |
Полное личное имя |
Майкл М. |
| 4 |
Код отношения |
070 |
| 702 |
Вторичная интеллектуальная ответственность |
_1 |
| a |
Фамилия |
Мосолова |
| b |
Имя |
Т. П. |
| g |
Полное личное имя |
Татьяна П. |
| 4 |
Код отношения |
730 |
| 702 |
Вторичная интеллектуальная ответственность |
_1 |
| a |
Фамилия |
Молочкина |
| b |
Имя |
Е. М. |
| 4 |
Код отношения |
730 |
| 702 |
Вторичная интеллектуальная ответственность |
_1 |
| a |
Фамилия |
Белов |
| b |
Имя |
В. В. |
| 4 |
Код отношения |
730 |
| 702 |
Вторичная интеллектуальная ответственность |
_1 |
| a |
Фамилия |
Арюткина |
| b |
Имя |
Н. Л. |
| 4 |
Код отношения |
730 |
| 702 |
Вторичная интеллектуальная ответственность |
_1 |
| a |
Фамилия |
Алексеева |
| b |
Имя |
О. М. |
| 4 |
Код отношения |
730 |
| 702 |
Вторичная интеллектуальная ответственность |
_1 |
| a |
Фамилия |
Кочетков |
| b |
Имя |
С. Н. |
| 4 |
Код отношения |
340 |
| 702 |
Вторичная интеллектуальная ответственность |
_1 |
| a |
Фамилия |
Богданов |
| b |
Имя |
А. А. |
| g |
Полное личное имя |
Алексей Алексеевич |
| 4 |
Код отношения |
340 |
| 801 |
Источник записи |
_0 |
| a |
Страна |
RU |
| b |
Организация |
NLR |
| c |
Дата составления |
20161017 |
| g |
Правила каталогизации |
RCR |
| 801 |
Источник записи |
_1 |
| a |
Страна |
RU |
| b |
Организация |
NLR |
| c |
Дата составления |
20161017 |
| g |
Правила каталогизации |
RCR |
| 801 |
Источник записи |
_2 |
| a |
Страна |
RU |
| b |
Организация |
NLR |
| c |
Дата составления |
20200401 |
| 2 |
Код формата |
rusmarc |
| g |
Правила каталогизации |
RCR |
| 852 |
Данные о местонахождении |
__ |
| i |
Авторский знак |
Н 49 |
| j |
Шифр хранения |
28.072я73 |
| 901 |
Тип документа |
__ |
| a |
Ответственный |
КиК/Котельникова |
| t |
Тип документа |
v |
| 903 |
Характеристики (МАРС) |
__ |
| a |
Дата передачи |
20220728 |
| c |
Наименование библиотеки (МАРС) |
Муниципальное бюджетное учреждение культуры "Централизованная библиотечная система" г. Сургут (Центральная городская библиотека им. А. С. Пушкина) |